[Event "Biel Interzonal"]
[Site "Biel"]
[Date "1985.??.??"]
[Round "7"]
[White "Van der Wiel, John TH"]
[Black "Torre, Eugenio"]
[Result "0-1"]
[WhiteElo "2520"]
[BlackElo "2535"]

1.e4 e5 2.Nf3 Nc6 3.Bb5 a6 4.Ba4 Nf6 5.O-O Be7 6.Re1 b5 7.Bb3 d6 8.c3 O-O
9.a4 Bb7 10.d4 Na5 11.Bc2 c5 12.dxe5 dxe5 13.Nxe5 Nxe4 14.axb5 axb5 15.Nd7 Re8
16.Bxe4 Bxe4 17.Rxe4 Ra7 18.Nf6+ Bxf6 19.Rxe8+ Qxe8 20.Nd2 Re7 21.Rxa5 Re1+
22.Qxe1 Qxe1+ 23.Nf1 h5 24.Be3 Qe2 25.Bxc5 Qxb2 26.Bb4 Qe2 27.Ra8+ Kh7 28.Ra7 Kg6
29.Rd7 h4 30.h3 Bg5 31.Rd6+ f6 32.Rd7 f5 33.Rd6+ Kf7 34.Rd7+ Kg8 35.Rd5 g6
36.Rd6 Kf7 37.Rd7+ Ke8 38.Rd6 Kf7 39.Rd7+ Ke8 40.Rd6 Be7 41.Rxg6 Bxb4 42.cxb4 Qe7
43.Ne3 Qxb4 44.Rg5 Qe1+ 45.Kh2 Qxf2 46.Rxf5 Qg3+ 47.Kh1 b4 48.Rf3 Qe1+ 49.Kh2 Qe2
50.Nd5 Qe5+ 51.Nf4 Kd7 52.Kh1 Kc7 53.Nd3 Qa1+ 54.Kh2 b3 55.Re3 Qd4 56.Rf3 Qa1
57.Nf4 b2 58.Nd5+ Kd6  0-1

[Event "Biel Interzonal"]
[Site "Biel"]
[Date "1985.??.??"]
[Round "9"]
[White "Rodriguez, Amador"]
[Black "Martin Gonzalez, Angel"]
[Result "1-0"]
[WhiteElo "2505"]
[BlackElo "2430"]

1.d4 Nf6 2.c4 e6 3.Nf3 c5 4.d5 b5 5.Bg5 h6 6.Bxf6 Qxf6 7.Qc2 b4 8.e4 g5 9.Nbd2 g4
10.Ng1 Bg7 11.Rb1 d6 12.Bd3 Nd7 13.Ne2 Ne5 14.O-O h5 15.f4 gxf3 16.Nxf3 Qh6
17.Nxe5 Bxe5 18.Kh1 h4 19.Ng1 Qg7 20.Nf3 Bf4 21.a3 a5 22.axb4 axb4 23.Ra1 Rxa1
24.Rxa1 Rg8 25.Ra8 b3 26.Qf2 Kd7 27.Nxh4 Qh6 28.g3 Rh8 29.e5 Ke7 30.Qxf4 Qxf4
31.gxf4 Rxh4 32.Rxc8 Rxf4 33.Rc7+ Kd8 34.exd6 Rd4 35.Bf1 Rd1 36.Kg1 exd5
37.Rxc5 dxc4 38.Rxc4 Rd2 39.Rc3 Rxb2 40.Bh3  1-0

[Event "Biel Interzonal"]
[Site "Biel"]
[Date "1985.??.??"]
[Round "16"]
[White "Van der Wiel, John TH"]
[Black "Petursson, Margeir"]
[Result "1/2-1/2"]
[WhiteElo "2520"]
[BlackElo "2550"]

1.e4 c5 2.Nf3 Nc6 3.d4 cxd4 4.Nxd4 g6 5.c4 Bg7 6.Be3 Nf6 7.Nc3 O-O 8.Be2 d6
9.O-O Bd7 10.Rc1 Nxd4 11.Bxd4 Bc6 12.f3 a5 13.b3 Nd7 14.Be3 Nc5 15.a3 b6
16.Qc2 Qb8 17.Rcd1 Rc8 18.Nd5 Ra7 19.a4 Bxd5 20.Rxd5 e6 21.Rd2 e5 22.Rd5 Rd7
23.Bd1 Re8 24.Qd2 Qd8 25.Bc2 Ne6 26.b4 axb4 27.Qxb4 Nd4 28.Bd3 Qa8 29.Ra1 h5
30.Bxd4 exd4 31.Rb5 Qd8 32.Rxb6 Qg5 33.Qe1 Qe3+ 34.Qxe3 dxe3 35.Re1 Bc3 36.Re2 Rc8
37.g3 Bd4 38.Rb1 Ra7 39.Ra2 Rb7 40.Kf1 Rxb1+ 41.Bxb1 Rxc4 42.Bc2 Kf8 43.a5 g5
44.h4 gxh4 45.gxh4 Ba7 46.Ke2 f5 47.Bd3 Rb4 48.a6 Ke7 49.Rc2 Kf6 50.Rc4 Rb2+
51.Rc2 Rb4 52.Rc4 Rb2+ 53.Rc2 Rb4  1/2-1/2

[Event "Biel Interzonal"]
[Site "Biel"]
[Date "1985.??.??"]
[Round "17"]
[White "Ljubojevic, Ljubomir"]
[Black "Martin Gonzalez, Angel"]
[Result "1/2-1/2"]
[WhiteElo "2615"]
[BlackElo "2430"]

1.e4 c5 2.Nf3 d6 3.d4 cxd4 4.Nxd4 Nf6 5.Nc3 g6 6.Bc4 Bg7 7.O-O O-O 8.Bb3 a6
9.Bg5 Nc6 10.Re1 Qa5 11.Nd5 Nxd4 12.Bxf6 Bxf6 13.Nxf6+ exf6 14.Qxd4 Qe5 15.Rad1 Rd8
16.Qb6 Be6 17.Bd5 Bxd5 18.exd5 Qf5 19.c4 Qd7 20.c5 Rac8 21.cxd6 Kf8 22.Rd2 Qxd6
23.Qxb7 Rc5 24.g3 Rd7 25.Qb3 Rxd5 26.Rxd5 Qxd5 27.Qxd5 Rxd5 28.Re3 Rd2 29.Rb3 g5
30.g4 a5 31.Rb5 a4 32.a3 f5 33.gxf5 Kg7 34.Kg2 Kf6 35.Kf3 h5 36.Ke3 Rc2 37.h3 Rc1
38.Kf3 Rc2 39.Kg3 Rd2 40.Kg2 Rc2 41.Kf3 Rd2 42.Ke3 Rc2 43.Kf3 Rd2 44.Kg3 Rc2
45.f4 h4+ 46.Kf3 Rh2 47.fxg5+ Kxg5 48.f6+ Kxf6 49.Kg4 Rg2+ 50.Kxh4 Ke6 51.b3 Ra2
52.bxa4 Rxa3 53.a5 f5 54.Rb6+ Ke5 55.Ra6 Kf4 56.Ra8 Ke5 57.a6 Kf6 58.a7 Kg7
59.Kg5 Kh7 60.Kxf5  1/2-1/2